General and applied entomology. (Record no. 27367)
[ view plain ]
| 000 -LEADER | |
|---|---|
| fixed length control field | 00348nam a2200145Ia 4500 |
| 082 ## - DEWEY DECIMAL CLASSIFICATION NUMBER | |
| Classification number | 595.7 |
| Item number | LIT |
| 100 ## - MAIN ENTRY--AUTHOR NAME | |
| Personal name | LITTLE, V A |
| 245 #0 - TITLE STATEMENT | |
| Title | General and applied entomology. |
| 250 ## - EDITION STATEMENT | |
| Edition statement | Ed.3 |
| 260 ## - PUBLICATION, DISTRIBUTION, ETC. (IMPRINT) | |
| Place of publication | New Delhi |
| Name of publisher | Oxford & IBH |
| Year of publication | 1963 |
| 650 ## - SUBJECT ADDED ENTRY--TOPICAL TERM | |
| Topical Term | Entomology |
| 650 ## - SUBJECT ADDED ENTRY--TOPICAL TERM | |
| Topical Term | Insects |
| 942 ## - ADDED ENTRY ELEMENTS (KOHA) | |
| Koha item type | Books |
| Withdrawn status | Lost status | Damaged status | Not for loan | Home library | Current library | Date acquired | Full call number | Accession Number | Koha item type |
|---|---|---|---|---|---|---|---|---|---|
| RRII Library | RRII Library | 16/12/2021 | 595.7 LIT | 07993 | Books |